Wszystkie Piosenki Pink Floyd - Statystyki

Ogólne statystyki
  • Ten quiz został rozwiązany 6 razy
  • Średni wynik to 25 z 164
Statystyki odpowiedzi
Album Piosenka % Poprawnych
The Division Bell High Hopes
83%
Wish You Were Here Shine on You Crazy Diamond pts 1-5
83%
Wish You Were Here Shine on You Crazy Diamond pts 6-9
83%
The Wall Another Brick in the Wall pt 1
67%
The Wall Another Brick in the Wall pt 2
67%
The Wall Another Brick in the Wall pt 3
67%
Atom Heart Mother Atom Heart Mother
67%
The Dark Side of the Moon Brain Damage
67%
Animals Dogs
67%
Meddle Echoes
67%
The Dark Side of the Moon Eclipse
67%
The Dark Side of the Moon Money
67%
The Dark Side of the Moon On the Run
67%
Animals Pigs (Three Different Ones)
67%
The Dark Side of the Moon Time
67%
Wish You Were Here Wish You Were Here
67%
The Dark Side of the Moon Breathe
50%
The Wall Hey You
50%
The Wall Mother
50%
Animals Sheep
50%
The Dark Side of the Moon Speak to Me
50%
The Dark Side of the Moon The Great Gig in the Sky
50%
The Dark Side of the Moon Us and Them
50%
Wish You Were Here Welcome to the Machine
50%
The Dark Side of the Moon Any Colour You Like
33%
Single Arnold Layne
33%
Piper at the Gates of Dawn Astronomy Domine
33%
The Wall Comfortably Numb
33%
Wish You Were Here Have a Cigar
33%
The Wall In the Flesh?
33%
The Wall In the Flesh
33%
A Momentary Lapse of Reason Sorrow
33%
The Wall The Thin Ice
33%
The Wall The Trial
33%
The Wall Young Lust
33%
Meddle A Pillow of Winds
17%
Piper at the Gates of Dawn Bike
17%
The Wall Bring the Boys Back Home
17%
Ummagumma Careful With That Axe, Eugene
17%
The Wall Don't Leave Me Now
17%
The Wall Empty Spaces
17%
Atom Heart Mother Fat Old Sun
17%
Meddle Fearless
17%
The Final Cut Get Your Filthy Hands Off My Dessert
17%
The Wall Goodbye Blue Sky
17%
The Wall Goodbye Cruel World
17%
Atom Heart Mother If
17%
The Wall Is There Anybody Out There?
17%
A Momentary Lapse of Reason Learning to Fly
17%
The Wall Nobody Home
17%
The Final Cut Not Now John
17%
Obscured by Clouds Obscured By Clouds
17%
The Wall One of My Turns
17%
Meddle One of These Days
17%
The Wall Outside The Wall
17%
Animals Pigs on the Wing pt 1
17%
Animals Pigs on the Wing pt 2
17%
The Division Bell Poles Apart
17%
The Wall Run Like Hell
17%
Meddle San Tropez
17%
Piper at the Gates of Dawn See Emily Play
17%
Ummagumma Several Species of Small Furry Animals Gathered Together in a Cave and Grooving with a Pict
17%
The Wall Stop
17%
The Endless River Sum
17%
Atom Heart Mother Summer '68
17%
Ummagumma Sysyphus pts 1-4
17%
The Final Cut The Final Cut
17%
The Final Cut The Fletcher Memorial Home
17%
The Final Cut The Gunner's Dream
17%
The Wall The Happiest Days of Our Lives
17%
The Wall The Show Must Go On
17%
The Wall Vera
17%
The Division Bell What Do You Want from Me
17%
Obscured by Clouds Absolutely Curtains
0%
The Division Bell A Great Day for Freedom
0%
Atom Heart Mother Alan's Psychodelic Breakfast
0%
The Endless River Allons-y pt 1
0%
The Endless River Allons-y pt 2
0%
A Momentary Lapse of Reason A New Machice pt 2
0%
A Momentary Lapse of Reason A New Machine pt 1
0%
The Endless River Anisina
0%
Single Apples and Oranges
0%
A Saucerful of Secrets A Saucerful of Secrets
0%
More (Ścieżka dzwiękowa) A Spanish Piece
0%
The Endless River Autumn' 68
0%
Obscured by Clouds Burning Bridges
0%
The Endless River Calling
0%
Single Candy and the Currant Bun
0%
Piper at the Gates of Dawn Chapter 24
0%
Obscured by Clouds Childhood's End
0%
More (Ścieżka dzwiękowa) Cirrus Mirror
0%
The Division Bell Cluster One
0%
The Division Bell Coming Back to Life
0%
A Saucerful of Secrets Corporal Clegg
0%
More (Ścieżka dzwiękowa) Crying Song
0%
More (Ścieżka dzwiękowa) Cymbaline
0%
More (Ścieżka dzwiękowa) Dramatic Theme
0%
The Endless River Ebb and Flow
0%
The Endless River Eyes to Pearls
0%
Piper at the Gates of Dawn Flaming
0%
Obscured by Clouds Free Fours
0%
Ummagumma Grantchester Meadows
0%
More (Ścieżka dzwiękowa) Green Is the Colour
0%
Single Hey, Hey Rise Up!
0%
More (Ścieżka dzwiękowa) Ibiza Bar
0%
Piper at the Gates of Dawn Interstellar Overdrive
0%
The Endless River It's What We Do
0%
A Saucerful of Secrets Jugband Blues
0%
The Division Bell Keep Talking
0%
A Saucerful of Secrets Let There Be More Light
0%
The Division Bell Lost of Words
0%
The Endless River Louder Than Words
0%
Piper at the Gates of Dawn Lucifer Sam
0%
More (Ścieżka dzwiękowa) Main Theme
0%
The Division Bell Marooned
0%
Piper at the Gates of Dawn Matilda Mother
0%
More (Ścieżka dzwiękowa) More Blues
0%
Obscured by Clouds Mudmen
0%
The Endless River Night Light
0%
The Final Cut One of the Few
0%
A Momentary Lapse of Reason One Slip
0%
The Endless River On Noodle Street
0%
A Momentary Lapse of Reason On the Turning Away
0%
Single Paint Box
0%
The Final Cut Paranoid Eyes
0%
More (Ścieżka dzwiękowa) Pary Sequence
0%
Single Point Me at the Sky
0%
Piper at the Gates of Dawn Pow R. Toc H.
0%
More (Ścieżka dzwiękowa) Quicksilver
0%
A Saucerful of Secrets Remember A Day
0%
A Momentary Lapse of Reason Round and Around
0%
Piper at the Gates of Dawn Scarecrow
0%
Meddle Seasmus
0%
A Saucerful of Secrets See-Saw
0%
A Saucerful of Secrets Set the Controls for the Heart of the Sun
0%
A Momentary Lapse of Reason Signs of Life
0%
The Endless River Skins
0%
The Final Cut Southampton Dock
0%
Obscured by Clouds Stay
0%
The Endless River Surfacing
0%
The Division Bell Take It Back
0%
Piper at the Gates of Dawn Take Up Thy Stethoscope and Walk
0%
The Endless River Talkin' Hawkin'
0%
A Momentary Lapse of Reason Terminal Frost
0%
A Momentary Lapse of Reason The Dogs of War
0%
Piper at the Gates of Dawn The Gnome
0%
Obscured by Clouds The Gold It's In The...
0%
Ummagumma The Grand Vizier's Garden Party pts 1-3
0%
The Final Cut The Hero's Return
0%
The Endless River The Lost Art of Converastion
0%
Ummagumma The Narrow Way pts 1-3
0%
More (Ścieżka dzwiękowa) The Nile Song
0%
The Final Cut The Post War Dream
0%
The Endless River Things Left Unsaid
0%
The Final Cut Two Suns in the Sunset
0%
The Endless River Unsung
0%
More (Ścieżka dzwiękowa) Up the Khyber
0%
The Wall Waiting For The Wroms
0%
The Division Bell Wearing the Inside Out
0%
The Final Cut When the Tigers Broke Free
0%
Obscured by Clouds When You're In
0%
Obscured by Clouds Wot's... Uh The Deal
0%
A Momentary Lapse of Reason Yet Another Movie
0%
The Final Cut Your Possible Pasts
0%
Nie znaleziono quizów pasujących do podanych kryteriów
Rozkład punktacji
Procent ludzi z każdym wynikiem
Percentyl według liczby udzielonych odpowiedzi
Twoja historia wyników
Nie rozwiązałeś tego quizu